000 00373nam a2200145Ia 4500
005 20251222151328.0
008 251222s9999||||xx |||||||||||||| ||spa||
020 _a9786124088629
082 _a641.5/L29
100 _aLauer, Mirko
245 0 _aLa Olla de Cristal:
250 _a1ra.ed.
264 _bUniversidad de San Martín de Porres Fondo Editorial
942 _cLIB
999 _c23992
_d23992